| 000 | 01532cam a22004574i 4500 | ||
|---|---|---|---|
| 003 | PE-LiUPU | ||
| 005 | 20250731172905.0 | ||
| 008 | s2016 miu rb 000 0 eng d | ||
| 020 | _a080282448 | ||
| 020 | _a9780802824486 | ||
| 035 | _a(Sirsi) a166456 | ||
| 040 |
_aPE-LiUPU _bspa _cPE-LiUPU _erda |
||
| 049 | _aPRUA | ||
| 082 | 0 | 4 |
_a227.107 _bL69 _223 |
| 100 | 1 |
_aLongenecker, Richard N., _eautor. |
|
| 245 | 1 | 4 |
_aThe Epistle to the Romans : _ba commentary on the Greek text / _cRichard N. Longenecker. |
| 264 | 1 |
_aGrand Rapids, Michigan : _bWilliam B. Eerdmans Publishing Company, _c2016. |
|
| 300 |
_a1140 páginas ; _c25 centimetros |
||
| 336 |
_atext _2rdacontent |
||
| 337 |
_aunmediated _2rdamedia |
||
| 338 |
_avolume _2rdacarrier |
||
| 504 | _aBibliografía : páginas 1087-1093. | ||
| 505 | 0 | 4 | _aIntroduction to the Commentary -- Commentary Proper -- the body sections of the letter. |
| 526 | _aSEG42 | ||
| 526 | _aSEG41 | ||
| 526 | _aSEG40 | ||
| 526 | _aSEG39 | ||
| 526 | _aP94 | ||
| 526 | _aP87 | ||
| 526 | _aP86 | ||
| 526 | _aP85 | ||
| 526 | _aP77 | ||
| 526 | _aP76 | ||
| 526 | _aP35 | ||
| 650 | 0 | 4 | _aBiblia, romanos, comentarios. |
| 942 |
_2ddc _cBOOK |
||
| 994 |
_aC0 _bPEPRU |
||
| 596 | _a1 | ||
| 999 |
_a227.107 L69 _wLC _c15195 _i75562 _d15195 _e2019-2-14 _f2021-11-9 _g5 _lCCODEBUL1 _mBUL _n15 _p53.39 _q18 _r0 _sY _tBOOK _u2017-1-24 _xTEOLOGIA _PP35 _0COMPRA _o.STAFF. Colección Teologia |
||
| 980 |
_81 _gALBERTO SANCHEZ Responsable de Automatización |
||